000 01069nam a22003257a 4500
001 000594
003 DO-SdBPM
005 20251114130242.0
007 ta
008 161025b1989 sp a | |||| 00| 0 spa d
020 _a8434817310
040 _aBPMSU
_bspa
_cBPMSU
_erda
082 4 _a 894.5413
_bS194b 1989
_222
100 1 _aSandman-Lilius, Irmelin,
_d1936-
_eautor
245 1 0 _aBonadea /
_cIrmelin Sandman-Lilius ; ilustraciones, Justo Barboza ; traducción del alemán, Asun Balzola.
250 _a4a ed.
264 _aMadrid :
_bEdiciones SM,
_c1989.
300 _a141 páginas :
_bilustraciones ;
_c19 cm.
336 _atexto
_btxt
_2rdacontent
337 _asin mediación
_bn
_2rdamedia
338 _avolumen
_bnc
_2rdacarrier
490 0 _aBarco de vapor ;
_aRoja,
_v97
500 _aA partir de 12 años
590 _aInventariado, 2025/VM
650 7 _aCuentos juveniles finlandeses
700 1 _aBarboza, Justo,
_eilustración
700 1 _aBalzola, Asun,
_etraductor
910 _aVMateo V. Control de dadalidad. BPMSU
942 _2ddc
_cBK
999 _c11670
_d11670